LEADER 01555nam a2200325 i 4500 001 000000161363 003 CaOOAMICUS 005 20200225124249.0 008 070521s2003 it u000 u ita u 013 $a138726 020 $a978-88-16-40621-6 040 $aSeMil$bita 100 1 $aMartelet, Gustave,$c.$0(OLS)http://semarc/name/90093 240 10$aÉvolution et création, sens ou non-sens de l'homme dans la nature?.$0(OLS)http://semarc/title/144433 245 10$aEvoluzione e creazione :$bdall'origine del cosmo all'origine dell'uomo /$cGustave Martelet ; prefazione di Fiorenzo Facchini. 260 $aMilano :$bJaca Book,$c2003. 300 $a237 p. ;$c23 cm. 650 4$aUomo - Evoluzione.$0(OLS)http://semarc/subject/4575 650 4$aUniverso - Cosmologia.$0(OLS)http://semarc/subject/17564 650 4$aUniverso - Evoluzione.$0(OLS)http://semarc/subject/11277 650 4$aUomo - Origine.$0(OLS)http://semarc/subject/9469 830 0$aDi fronte e attraverso ;$v621.$0(OLS)http://semarc/title/6486 830 3$aLe Origini dell'uomo.$0(OLS)http://semarc/title/20497 850 $aSeMil 852 $aSeMil$W1$xVenegono$y1$m2B VI 189$j112788$B112788$CSeMilBibl$Z2$F123897 $81 961 $aSottoscrizione: Jaca Book 996 $6020$a978-88-16-40621-6$9(OLS)http://semarc/number/77406 996 $6245$aEvoluzione e creazione :$bdall'origine del cosmo all'origine dell'uomo$9(OLS)http://semarc/title/144432 996 $6260$aMilano :$bJaca Book$9(OLS)http://semarc/publisher/29781 LEADER 00927nas a2200193 i 4500 001 000000023227 003 CaOOAMICUS 005 20180830125446.0 008 180830n xxu u0 und u 040 $aSeMil$bita 100 1 $aQuasten, Johannes <1900-1987>.$0(OLS)http://semarc/name/3355 245 10$aAncient Christian writers :$bthe works of the Fathers in translation /$cEdited by Johannes Quasten ; Walter J. Burghardt ; Thomas Comerford Lawler. 260 $aNew York :$bNewman Press,$c[19--?] 300 $av. ;$c22 cm. 700 1 $aComerford Lawler, Thomas.$0(OLS)http://semarc/name/10358 700 1 $aBurghardt, Walter J. .$0(OLS)http://semarc/name/10357 774 0 $tLetters of st. Cyprian of Carthage.$w()1656 996 $6245$aAncient Christian writers :$bthe works of the Fathers in translation$9(OLS)http://semarc/title/31143 996 $6260$aNew York :$bNewman Press$9(OLS)http://semarc/publisher/35866